Rudý podzim: Lov na Jacka Rozparovače

Saved in:
Bibliographic Details
Main Author Tereza, Kadečková
Format Electronic eBook
LanguageCzech
Published Golden Dog 2025
Edition1. elektronické vydání
Subjects
Online AccessDostupné v BOOKPORT po přihlášení pomocí eduID
ISBN978-80-53027-97-7
978-80-53027-98-4
978-80-53027-96-0
Physical Description1 online zdroj (260 stran)

Cover

LEADER 00000nam a2200000 i 4500
001 bkp1015620728
003 CZ-prgp
005 20260413161219.0
006 m o d
007 cr cn
008 260413s2025 xr o 000 1 cze
020 |a 978-80-53027-97-7  |c 299 Kč  |q (online ; pdf) 
020 |a 978-80-53027-98-4  |c 299 Kč  |q (online ; epub) 
020 |a 978-80-53027-96-0  |c 399 Kč  |q (print) 
040 |a Grada  |b cze  |e rda 
100 1 |a Tereza, Kadečková 
245 1 0 |a Rudý podzim: Lov na Jacka Rozparovače  |c Kadečková Tereza 
250 |a 1. elektronické vydání 
264 1 |b Golden Dog  |c 2025 
300 |a 1 online zdroj (260 stran) 
336 |a text  |b txt  |2 rdacontent 
337 |a počítač  |b c  |2 rdamedia 
338 |a online zdroj  |b cr  |2 rdacarrier 
520 3 |a ... tu noc zemřela další žena. Londýn v roce 1888 je město rozpolcené mezi přepychem a bídou. Bohatí za zdmi plesových sálů tančí, zatímco v ulicích umírají chudé ženy rukou krvelačného vraha. Fairy Fay se se strachem odmítá smířit. Při pátrání po pravdě je nucena spolupracovat s bohatým detektivem a každým krokem narušují křehkou rovnováhu města, v němž se pomalu schyluje k revoluci. Steampunková detektivka, ve které prostitutka hledá Jacka Rozparovače. 
650 0 4 |a Sci-fi, fantasy 
856 4 0 |u https://www.bookport.cz/AccountSaml/SignIn/?idp=https://shibboleth.utb.cz/idp/shibboleth&returnUrl=/kniha/rudy-podzim-lov-na-jacka-rozparovace-15970/  |y Dostupné v BOOKPORT po přihlášení pomocí eduID